000 01264nam a2200337 a 4500
001 ebr10715709
003 CaPaEBR
006 m o u
007 cr cn|||||||||
008 020816s2001 enkabd sb 001 0 eng d
010 _z 2002281923
020 _z0761971963
020 _z0761971971 (pbk)
020 _z9780761971962
020 _z9781446265482 (e-book)
040 _aCaPaEBR
_cCaPaEBR
035 _a(OCoLC)809962145
050 1 4 _aHT1521
_b.R324 2001eb
082 0 4 _a305.8
_221
245 0 0 _aRacism
_h[electronic resource] :
_bessential readings /
_cedited by Ellis Cashmore and James Jennings.
260 _aLondon ;
_aThousand Oaks, Calif. :
_bSAGE Publications,
_c2001.
300 _axv, 422 p. :
_bill., map.
504 _aIncludes bibliographical references and index.
533 _aElectronic reproduction.
_bPalo Alto, Calif. :
_cebrary,
_d2013.
_nAvailable via World Wide Web.
_nAccess may be limited to ebrary affiliated libraries.
650 0 _aRacism.
655 7 _aElectronic books.
_2local
700 1 _aCashmore, Ernest.
700 1 _aJennings, James,
_d1949-
710 2 _aebrary, Inc.
856 4 0 _uhttp://site.ebrary.com/lib/rucke/Doc?id=10715709
_zAn electronic book accessible through the World Wide Web; click to view
999 _c27841
_d27841